Us states by favorite nfl team - Statistics

General Stats
  • This quiz has been taken 43 times
  • The average score is 30 of 51
Answer Stats
Hint Answer % Correct
Minnesota Vikings
90%
Arizona Cardinals
87%
California 49ers
85%
Colorado Broncos
85%
Florida Dolphins
85%
Illinois Bears
79%
Georgia Falcons
79%
Louisiana Saints
79%
Kansas Chiefs
77%
Indiana Colts
77%
Texas Cowboys
77%
Michigan Lions
77%
Missouri Chiefs
74%
Maine Patriots
74%
Massachusetts Patriots
74%
Maryland Ravens
74%
Tennesee Titans
74%
North Carolina Panthers
72%
New York Bills
69%
Ohio Browns
69%
New Jersey Giants
69%
Nevada Raiders
69%
Pennsylvania Eagles
67%
New Hampshire Patriots
67%
Washington D.C Commanders
64%
Oklahoma Cowboys
64%
South Carolina Panthers
64%
Arkansas Cowboys
62%
Connecticut Giants
62%
New Mexico Cowboys
59%
Washington Seahawks
59%
Deleware Eagles
56%
Wisconsin Packers
56%
North Dakota Vikings
56%
Hawaii Rams
51%
Virginia Commanders
46%
Mississippi Cowboys
46%
South Dakota Vikings
46%
Rhode Island Giants
44%
Kentucky Bengals
41%
Alabama Dolphins
41%
Vermont Giants
38%
West Virginia Commanders
33%
Utah 49ers
28%
Montana 49ers
26%
Alaska Chargers
21%
Oregon Chargers
21%
Idaho Chargers
15%
Iowa 49ers
13%
Nebraska Chargers
13%
Wyoming Bills
8%
No matching quizzes found
Score Distribution
Percent of People with Each Score
Percentile by Number Answered
Your Score History
You have not taken this quiz